| 000 | 00522nam a22001697a 4500 | ||
|---|---|---|---|
| 999 |
_c7656 _d7656 |
||
| 008 | 230322b ||||| |||| 00| 0 eng d | ||
| 040 | _aCDMR | ||
| 110 |
_94825 _aTactical Tech |
||
| 245 |
_aData Detox Kit _c/ Tactical Tech |
||
| 260 |
_a[Berlin?] _b: Tactical Tech _c, [2022?] |
||
| 300 | _a4 fulletons desplegables | ||
| 650 | 0 |
_94787 _aAlfabetització mediàtica |
|
| 650 | 0 |
_94286 _aDesinformació |
|
| 650 | 0 |
_94796 _aFake news |
|
| 856 |
_uhttps://datadetoxkit.org/ee/home/ _zAccés en línia |
||
| 942 |
_2udc _cFULLET |
||